000 00608cam a2200193Ia 4500
020 _a9057024993
020 _a9058230015 (pbk.)
040 _cUKM
082 0 4 _a306 MAR 2000 A017 Or.
100 1 _aTurnbull, David,
245 1 0 _aMasons, tricksters and cartographers :
_bcomparative studies in the sociology of scientific and indigenous knowledge ;
260 _aAmsterdam :
_bHarwood Academic ;
_aAbingdon :
_bMarston,
_c2000
300 _a263 p. :
_bill. ;
_c23 cm
650 0 _aKnowledge, Sociology of
650 0 _aScience
650 0 _aTechnology
650 0 _aScience and civilization
942 _cEK
999 _c11849
_d11849